00285nam a2200121Ia 4500008004100000041000800041082001600049100001500065245001200080260003300092300003000125365000800155240624s9999 xx 000 0 und d aeng a658.409 WEL aWELCH JACK aWINNING c2005aLondonbHarper Collins axi, : 372 : p. : cm. ; 23 cERU